Matrix Computations

Uložené v:
Podrobná bibliografia
Hlavný autor: Golub, Gene H.
Ďalší autori: Van Loan, Charles F.
Médium: Kniha
Jazyk:English
Vydavateľské údaje: Baltimore Johns Hopkins University 1989
Vydanie:2. ed.
Tagy: Pridať tag
Žiadne tagy, Buďte prvý, kto otaguje tento záznam!

MARC

LEADER 00000nam a2200000 4500
001 c034752
005 20221215114140.8
041 0 |a eng 
044 |a US 
245 1 0 |a Matrix Computations  |c Gene H. Golub, Charles F. Van Loan 
250 |a 2. ed. 
264 1 |a Baltimore  |b Johns Hopkins University  |c 1989 
300 |a 642 s. 
100 1 |a Golub, Gene H. 
700 1 |a Van Loan, Charles F.